000 01272nam a2200313 a 4500
001 4468094
005 20211207145511.0
008 961121s1995 pk ab b 000 0 eng
010 _a 95930853
025 _aP-E-95930853; 07
040 _aDLC
_cDLC
042 _alcode
043 _aa-ii---
_aa-pk---
050 0 0 _aDS485.K27
_bH375 1995
082 0 0 _a954.604
_221
_bHAR
100 1 _aHaroon, Asif.
_985949
245 1 0 _aKashmir battles of 1948-1965-1971 and on going freedom struggle /
_cAsif Haroon.
260 _aLahore :
_bTakhleeqat,
_c1995.
300 _a334 p. :
_bcol. ill., maps ;
_c22 cm.
504 _aIncludes bibliographical references (p. 320-334).
650 0 _aIndia-Pakistan Conflict, 1947-1949
_xCampaigns
_zIndia
_zJammu and Kashmir.
_985950
650 0 _aIndia-Pakistan Conflict, 1965
_xCampaigns
_zIndia
_zJammu and Kashmir.
_985951
650 0 _aIndia-Pakistan Conflict, 1971
_xCampaigns
_zIndia
_zJammu and Kashmir.
_985952
651 0 _aJammu and Kashmir (India)
_xHistory, Military
_y20th century.
_985953
651 0 _aJammu and Kashmir (India)
_xHistory
_xAutonomy and independence movements.
_985954
906 _a7
_bcbc
_corigode
_d3
_encip
_f19
_gy-gencatlg
942 _2ddc
_cBK
999 _c587187
_d587187